| 000 | 00383nam a22001097a 4500 | ||
|---|---|---|---|
| 008 | 240730b |||||||| |||| 00| 0 eng d | ||
| 040 |
_aNational Science Library _cNational Science Library |
||
| 245 | _aIparvallalati vezetes es szervezes | ||
| 260 |
_aBudapest: _bOrszagos Muszaki Konyvtar Es Dokumentacios Kozpont, _c1966 |
||
| 490 | _aTemadokumentacios kiadvanyok | ||
| 942 |
_2udc _cBK |
||
| 999 |
_c65310 _d65310 |
||